Central Library OPAC University of Rajshahi
Normal view MARC view

Entry Topical Term

Number of records used in: 2

001 - CONTROL NUMBER

  • control field: 6204

003 - CONTROL NUMBER IDENTIFIER

  • control field: BD-RjUL

005 - DATE AND TIME OF LATEST TRANSACTION

  • control field: 20221207104020.0

008 - FIXED-LENGTH DATA ELEMENTS

  • fixed length control field: 221207|| aca||aabn | a|a d

040 ## - CATALOGING SOURCE

  • Original cataloging agency: BD-RjUL
  • Transcribing agency: BD-RjUL

150 ## - HEADING--TOPICAL TERM

  • Topical term or geographic name entry element: Dictionary
  • Form subdivision: Quran

670 ## - SOURCE DATA FOUND

  • Source citation: Work cat.: (BD-RjUL)80916: Ahmad, Shahiduddin احمد, شهيد الدين 6203, لغات عمدة قران lughat eumdat quran /, 1923